<?xml version="1.0" encoding="UTF-8"?>
<record
    xmlns:xsi="http://www.w3.org/2001/XMLSchema-instance"
    xsi:schemaLocation="http://www.loc.gov/MARC21/slim http://www.loc.gov/standards/marcxml/schema/MARC21slim.xsd"
    xmlns="http://www.loc.gov/MARC21/slim">

  <leader>01037nam a22002297a 4500</leader>
  <datafield tag="952" ind1=" " ind2=" ">
    <subfield code="0">0</subfield>
    <subfield code="1">0</subfield>
    <subfield code="4">0</subfield>
    <subfield code="7">0</subfield>
    <subfield code="a">03</subfield>
    <subfield code="b">03</subfield>
    <subfield code="d">2014-09-12</subfield>
    <subfield code="l">6</subfield>
    <subfield code="o">RA1056  R53</subfield>
    <subfield code="p">03 006877</subfield>
    <subfield code="r">2018-07-25</subfield>
    <subfield code="s">2018-07-25</subfield>
    <subfield code="t">1</subfield>
    <subfield code="w">2014-09-12</subfield>
    <subfield code="y">LB</subfield>
  </datafield>
  <datafield tag="952" ind1=" " ind2=" ">
    <subfield code="0">0</subfield>
    <subfield code="1">0</subfield>
    <subfield code="4">0</subfield>
    <subfield code="7">0</subfield>
    <subfield code="a">03</subfield>
    <subfield code="b">03</subfield>
    <subfield code="d">2017-09-25</subfield>
    <subfield code="l">0</subfield>
    <subfield code="o">RA1056   R53</subfield>
    <subfield code="p">03 009549</subfield>
    <subfield code="r">2017-09-25</subfield>
    <subfield code="t">2</subfield>
    <subfield code="w">2017-09-25</subfield>
    <subfield code="y">LB</subfield>
  </datafield>
  <datafield tag="999" ind1=" " ind2=" ">
    <subfield code="c">94002</subfield>
    <subfield code="d">94002</subfield>
  </datafield>
  <controlfield tag="008">120625t20072009mx aco        000 0 spa d</controlfield>
  <datafield tag="020" ind1=" " ind2=" ">
    <subfield code="a">9799682441813</subfield>
  </datafield>
  <datafield tag="050" ind1=" " ind2=" ">
    <subfield code="a">RA1056  </subfield>
    <subfield code="b">R53</subfield>
  </datafield>
  <datafield tag="100" ind1="1" ind2=" ">
    <subfield code="a">Rico M&#xE9;ndez, F. Gerardo</subfield>
    <subfield code="e">autor</subfield>
  </datafield>
  <datafield tag="245" ind1="1" ind2="3">
    <subfield code="a">La fotograf&#xED;a forense en la peritaci&#xF3;n legal </subfield>
    <subfield code="c"> / F. Gerardo Rico M. y Diego de Anda</subfield>
  </datafield>
  <datafield tag="260" ind1=" " ind2=" ">
    <subfield code="a">M&#xE9;xico </subfield>
    <subfield code="b"> : Trillas</subfield>
    <subfield code="c">, 2007</subfield>
  </datafield>
  <datafield tag="300" ind1=" " ind2=" ">
    <subfield code="a">181 p&#xE1;ginas</subfield>
    <subfield code="b"> : ilustraciones, retratos, fotograf&#xED;as</subfield>
  </datafield>
  <datafield tag="500" ind1=" " ind2=" ">
    <subfield code="a">Reimpresi&#xF3;nes: 2009 
Incluye: &#xCD;ndice anal&#xED;tico (pp.179-181)</subfield>
  </datafield>
  <datafield tag="505" ind1=" " ind2=" ">
    <subfield code="a">Antecedentes hist&#xF3;ricos de la fotografia forense
Lugar de los hechos
Asfixias
Tanatolog&#xED;a 
Robo 
Identificaci&#xF3;n 
Dispilinas auxialres
Delitos sexules</subfield>
  </datafield>
  <datafield tag="519" ind1=" " ind2=" ">
    <subfield code="a">Plan Flexible /  
</subfield>
    <subfield code="b">Criminalistica / </subfield>
    <subfield code="c">Fotograf&#xED;a Forense (B19-1) / </subfield>
    <subfield code="d">(03 006877)</subfield>
  </datafield>
  <datafield tag="519" ind1=" " ind2=" ">
    <subfield code="a">Educaci&#xF3;n Mixta /  
</subfield>
    <subfield code="b">Criminalistica / </subfield>
    <subfield code="c">Fotograf&#xED;a Forense (B19-1) / </subfield>
    <subfield code="d">(03 009549)</subfield>
  </datafield>
  <datafield tag="650" ind1="1" ind2="4">
    <subfield code="a">FOTOGRAFIA LEGAL</subfield>
  </datafield>
  <datafield tag="650" ind1="2" ind2="4">
    <subfield code="a">PRUEBA PERICIAL</subfield>
  </datafield>
  <datafield tag="650" ind1="2" ind2="4">
    <subfield code="a">MEDICINA LEGAL</subfield>
  </datafield>
  <datafield tag="700" ind1=" " ind2=" ">
    <subfield code="a">Anda, Diego de</subfield>
    <subfield code="e">autor</subfield>
  </datafield>
  <datafield tag="942" ind1=" " ind2=" ">
    <subfield code="c">LB</subfield>
  </datafield>
</record>
